Автоматизированные приводы: методические указания к выполнению лабораторных работ по курсу "Автоматизированный электропривод" для студентов IV...V курсов, обучающихся по специальности 151002 "Металлообрабатывающие станки и комплексы" и по направлению 150900 "Технология, оборудование и автоматизация машиностроительных производств", магистерской программы "Динамика и акустика станочных систем" по курсу "Автоматизированные приводы"; Ч. 1

Détails bibliographiques
Auteur principal: Крауиньш Д. П. Дмитрий Петрович
Collectivité auteur: Национальный исследовательский Томский политехнический университет (ТПУ)
Résumé:В фонде НТБ ТПУ отсутствует
Langue:russe
Publié: Томск, Изд-во ТПУ, 2010
Sujets:
Format: MixedMaterials Livre
KOHA link:https://koha.lib.tpu.ru/cgi-bin/koha/opac-detail.pl?biblionumber=602357

MARC

LEADER 00000nam0a2200000 4500
001 602357
005 20240212162813.0
035 |a (RuTPU)RU\TPU\tpu\28085 
090 |a 602357 
100 |a 20151223d2010 m y0rusy50 ca 
101 0 |a rus 
102 |a RU 
105 |a a z 001zy 
200 1 |a Автоматизированные приводы  |e методические указания к выполнению лабораторных работ по курсу "Автоматизированный электропривод" для студентов IV...V курсов, обучающихся по специальности 151002 "Металлообрабатывающие станки и комплексы" и по направлению 150900 "Технология, оборудование и автоматизация машиностроительных производств", магистерской программы "Динамика и акустика станочных систем" по курсу "Автоматизированные приводы"  |f Д. П. Крауиньш  |g Национальный исследовательский Томский политехнический университет (ТПУ)  |h Ч. 1 
210 |a Томск  |c Изд-во ТПУ  |d 2010 
215 |a 15 с.  |c ил. 
333 |a В фонде НТБ ТПУ отсутствует 
610 1 |a труды учёных ТПУ 
675 |a 62-8(076)  |v 4 
686 |a 31.291я73  |2 rubbk 
700 1 |a Крауиньш  |b Д. П.  |c специалист в области машиностроения  |c доцент Томского политехнического университета, кандидат технических наук  |f 1964-  |g Дмитрий Петрович  |3 (RuTPU)RU\TPU\pers\28850  |9 13606 
712 0 2 |a Национальный исследовательский Томский политехнический университет (ТПУ)  |c (2009- )  |3 (RuTPU)RU\TPU\col\15902 
801 1 |a RU  |b 63413507  |c 20151223 
942 |c BK